Vibrations lumineuses optique cohérente

Guardat en:
Dades bibliogràfiques
Autor principal: Francon, Maurice (Autor)
Format: Llibre
Idioma:francès
Publicat: París Dunod 1970
Col·lecció:Dunod Université. Maitrise de Physique, C2
Matèries:
Etiquetes: Afegir etiqueta
Sense etiquetes, Sigues el primer a etiquetar aquest registre!

MARC

LEADER 00000nam a2200000 a 4500
001 UCU3536
003 CL-VaPUC
008 960510e19700000FR |||||||||||||||||fre|d
082 0 4 |a 535.3  |b FRA  |2 21 
100 0 |a Francon, Maurice  |e author  |9 360523 
245 1 0 |a Vibrations lumineuses optique cohérente 
300 |a 259 p 
942 |c BK 
945 |d 19960510 00:00:00  |a cmena 
260 |a París  |b Dunod  |c 1970 
650 0 |a Optica   |9 263171 
650 7 |a ESPECTRO DE LA LUZ  |2 CL-VaPUC  |9 360524 
650 0 |a Espectroscopía  |9 306791 
650 7 |a PROPIEDADES OPTICAS  |2 CL-VaPUC  |9 360525 
650 0 |a Oscilaciones   |9 344730 
650 0 |a Propagación de ondas  |9 263256 
650 0 |a Electromagnetismo   |9 260123 
650 7 |a REFRACCION  |2 CL-VaPUC  |9 360526 
650 7 |a DIFRACCION  |2 CL-VaPUC  |9 354948 
583 |a last modification  |c 19960510 00:00:00  |k Rodrigo Vera 
490 0 |a Dunod Université. Maitrise de Physique, C2 
999 |c 247511  |d 247509 
952 |0 0  |1 0  |4 0  |6 535_300000000000000_FRA_1970  |7 0  |8 A  |9 263487  |a BIBING  |b BIBING  |d 2019-11-19  |i 1651706  |o 535.3 FRA 1970  |p 1651706  |r 2025-01-20  |w 2019-11-19  |y BK  |k EIE